000 00494pam a2200169 4500
020 _a0070713375
040 _cDLC
082 0 0 _a526 HIL 1974 A023 Or.
100 1 _aWolf, Paul R.
245 1 0 _aElements of photogrammetry :
_b(with air photo interpretation and remote sensing)
260 _aNew York,
_bMcGraw-Hill
_c[1974]
300 _axiii, 562 p.
_billus.
_c24 cm.
650 0 _aPhotogrammetry.
650 0 _aAerial photogrammetry.
650 0 _aPhotographic interpretation.
942 _cEK
999 _c16235
_d16235